[Event "London Mindsports op"]
[Site "London"]
[Date "2023.09.16"]
[Round "8"]
[White "Banerjee, Supratit"]
[Black "Lalic, Peter"]
[Result "0-1"]
[WhiteElo "2017"]
[BlackElo "2117"]
[PlyCount "228"]
[EventDate "2023.09.13"]
[EventType "swiss"]
[EventRounds "9"]
[EventCountry "ENG"]
[SourceTitle "EXT 2024"]
[Source "ChessBase"]
[SourceDate "2023.10.10"]
[SourceVersion "1"]
[SourceVersionDate "2023.10.10"]
[SourceQuality "1"]

1. e4 d5 2. exd5 c6 3. d4 cxd5 4. Nf3 Nf6 5. Bd3 g6 6. 0-0 Nc6 7. Re1 Bg7 8. c3 0-0 9. h3 Bf5 10. Bf4 Qb6 11. b3 Ne4 12. Bxe4 dxe4 13. Ne5 Nxe5 14. dxe5 Qa5 15. Nd2 Qxc3 16. Nxe4 Qb4 17. Qd2 Qxd2 18. Nxd2 Rfc8 19. Rac1 Rxc1 20. Rxc1 Rc8 21. Rc4 Rxc4 22. Nxc4 Kf8 23. f3 Ke8 24. Be3 Bb1 25. a3 Bc2 26. Bxa7 Bxb3 27. Nd2 Bd5 28. f4 Kd7 29. Bd4 Kc6 30. a4 f6 31. Nb1 fxe5 32. fxe5 Bb3 33. Nc3 Bh6 34. Kf2 Kd7 35. Kf3 Ke6 36. h4 Bg7 37. Kf4 Bh6+ 38. Kf3 Bc2 39. a5 Bb3 40. g4 Bc1 41. Ke4 Bc2+ 42. Kf3 h5 43. gxh5 gxh5 44. Na2 Bd1+ 45. Kf2 Ba3 46. Nc3 Bb3 47. Nb5 Bc1 48. a6 bxa6 49. Nc7+ Kf5 50. Nxa6 Bc4 51. Nb4 Kg4 52. Nc2 Kxh4 53. Ne3 Bd3 54. Bc5 e6 55. Be7+ Kh3 56. Bg5 Be4 57. Bf4 Ba3 58. Bg3 Bc5 59. Bf4 Be7 60. Kg1 Bh4 61. Kf1 Bd3+ 62. Kg1 Be4 63. Nf1 Kg4 64. Bh2 Be1 65. Ne3+ Kf3 66. Ng2 Bf2+ 67. Kh1 h4 68. Bg3 h3 69. Bxf2 Kxf2 70. Kh2 hxg2 71. Kh3 g1B 72. Kg4 Ke3 73. Kg5 Kd4 74. Kf6 Kd5 75. Ke7 Bc5+ 76. Kf6 Ba3 77. Kf7 Bd3 78. Ke8 Bc1 79. Kd7 Bf1 80. Kd8 Bg5+ 81. Kc8 Bb5 82. Kb8 Bd8 83. Ka8 Ba5 84. Kb8 Kc4 85. Ka8 Kb3 86. Kb8 Ka2 87. Ka8 Ka1 88. Kb8 Kb1 89. Ka8 Kc1 90. Kb8 Kd1 91. Ka8 Ke1 92. Kb8 Kf1 93. Ka8 Kg1 94. Kb8 Kh1 95. Ka8 Kg2 96. Kb8 Kf3 97. Ka8 Ke4 98. Kb8 Kxe5 99. Ka8 Kf6 100. Kb7 Kg7 101. Ka7 Kh8 102. Kb7 e5 103. Ka7 e4 104. Kb7 e3 105. Ka7 e2 106. Kb7 e1B 107. Ka7 Kg8 108. Kb7 Kf8 109. Ka7 Ke8 110. Ka8 Kd8 111. Kb8 Bf2 112. Kb7 Bc5 113. Ka8 Bc6+ 114. Kb8 Bc7# 0-1

[Event "London Mindsports op"]
[Site "London"]
[Date "2023.09.15"]
[Round "6"]
[White "Lalic, Peter"]
[Black "Navrotescu, Andreea Cristiana"]
[Result "0-1"]
[WhiteElo "2117"]
[BlackElo "2228"]
[PlyCount "114"]
[EventDate "2023.09.13"]
[EventType "swiss"]
[EventRounds "9"]
[EventCountry "ENG"]
[SourceTitle "EXT 2024"]
[Source "ChessBase"]
[SourceDate "2023.10.10"]
[SourceVersion "1"]
[SourceVersionDate "2023.10.10"]
[SourceQuality "1"]

1. e4 e5 2. d4 exd4 3. Nf3 Nc6 4. c3 d5 5. exd5 Qxd5 6. cxd4 Bg4 7. Nc3 Bxf3 8. Nxd5 Bxd1 9. Nxc7+ Kd7 10. Nxa8 Bh5 11. f3 Bb4+ 12. Kf2 Nge7 13. g4 Bg6 14. d5 Bc5+ 15. Kg2 Nxd5 16. Bc4 Ne3+ 17. Bxe3 Bxe3 18. Rad1+ Kc8 19. Rhe1 Bf4 20. h4 h5 21. gxh5 Bxh5 22. Re4 Be5 23. Bd5 f6 24. Be6+ Kb8 25. b4 Kxa8 26. Rd7 Be8 27. Rd1 a6 28. a4 Bg6 29. Rg4 Bc2 30. Rd7 f5 31. Rc4 Bxa4 32. Bxf5 Bf6 33. Rd2 Bxh4 34. f4 Bf6 35. Be4 Bb5 36. Rc5 Re8 37. Bf3 Nxb4 38. Rc7 Bc6 39. Bxc6 Nxc6 40. Rdd7 Rb8 41. Rd6 Rd8 42. Re6 Kb8 43. Rf7 a5 44. Re4 Rd4 45. Re8+ Ka7 46. Rc8 Kb6 47. Kf3 Nd8 48. Rf8 Ne6 49. Rf7 Rxf4+ 50. Ke2 a4 51. Rb8 Nc5 52. Ra8 Rb4 53. Kd2 Rb2+ 54. Kc1 Rf2 55. Kb1 Ne4 56. Kc1 Bg5+ 57. Kd1 Rxf7 0-1

[Event "London Mindsports op"]
[Site "London"]
[Date "2023.09.14"]
[Round "4"]
[White "Lalic, Peter"]
[Black "O'Gorman, Tom"]
[Result "0-1"]
[WhiteElo "2117"]
[BlackElo "2313"]
[PlyCount "82"]
[EventDate "2023.09.13"]
[EventType "swiss"]
[EventRounds "9"]
[EventCountry "ENG"]
[SourceTitle "EXT 2024"]
[Source "ChessBase"]
[SourceDate "2023.10.10"]
[SourceVersion "1"]
[SourceVersionDate "2023.10.10"]
[SourceQuality "1"]

1. e4 e5 2. d4 exd4 3. Nf3 Nc6 4. c3 d3 5. Bxd3 d6 6. Nd4 Nf6 7. 0-0 Be7 8. f4 0-0 9. Nd2 Re8 10. N2f3 Nxd4 11. cxd4 d5 12. e5 Ne4 13. Ng5 Nxg5 14. fxg5 Be6 15. Qc2 g6 16. Rf6 Bf8 17. h4 Qd7 18. Be3 c5 19. Raf1 Rac8 20. Qf2 cxd4 21. Bxd4 Rc7 22. h5 Rec8 23. hxg6 hxg6 24. Bxg6 Rc1 25. Rxc1 Rxc1+ 26. Kh2 Bg7 27. Bd3 Qa4 28. Rf3 Qd1 29. Kg3 Qh1 30. Kf4 Qh5 31. Qg3 Rh1 32. Ke3 Rh4 33. Rf4 Rxf4 34. Qxf4 Qd1 35. Qh4 b6 36. Bc3 a5 37. Qh7+ Kf8 38. Kf2 Qg4 39. g6 Qf4+ 40. Ke1 Qe3+ 41. Be2 Bg4 0-1

[Event "Kingston-A 2nd"]
[Site "Kingston Upon Thames"]
[Date "2023.07.28"]
[Round "9"]
[White "Lalic, Peter"]
[Black "Large, Peter G"]
[Result "0-1"]
[WhiteElo "2103"]
[BlackElo "2235"]
[PlyCount "130"]
[EventDate "2023.07.24"]
[EventType "tourn"]
[EventRounds "9"]
[EventCountry "ENG"]
[EventCategory "1"]
[SourceTitle "CBM 215 Extra"]
[Source "ChessBase"]
[SourceDate "2023.09.30"]
[SourceVersion "1"]
[SourceVersionDate "2023.09.30"]
[SourceQuality "1"]

1. e4 c6 2. Nc3 d5 3. Nf3 dxe4 4. Nxe4 Nf6 5. Nxf6+ exf6 6. Bc4 b5 7. Bb3 Qe7+ 8. Qe2 Qxe2+ 9. Kxe2 Bd6 10. Re1 0-0 11. Kf1 Na6 12. d4 Nb4 13. Bd2 a5 14. Bxb4 Bxb4 15. c3 Bd6 16. Nd2 Bf5 17. Ne4 Bxh2 18. Bc2 Bxe4 19. Bxe4 Bd6 20. Bxc6 Rab8 21. Re2 Rfc8 22. Bd5 a4 23. Rc1 f5 24. b3 a3 25. Rcc2 g5 26. g3 g4 27. Kg2 Kg7 28. c4 bxc4 29. bxc4 Rb4 30. Rcd2 f4 31. gxf4 Bxf4 32. Rd3 Rb2 33. Re7 Rc7 34. Re4 Bg5 35. Rxg4 Kg6 36. Rxa3 h5 37. Ra6+ f6 38. Rg3 h4 39. Rb3 Re2 40. Bf3 Re1 41. Bd5 Kh5 42. Bf3+ Kg6 43. Bd5 Kh5 44. Rb7 Rc8 45. Raa7 Kg4 46. Rh7 Rce8 47. Bf7 Rb8 48. Bg6 Rb2 49. Ra3 Be3 50. Bh5+ Kg5 51. Rxe3 Rxe3 52. Bf3 Rc3 53. Rh5+ Kg6 54. Rxh4 Rxc4 55. Bd5 Kg5 56. Bxc4 Kxh4 57. Bb3 Rd2 58. d5 Kg4 59. Bc4 f5 60. Kf1 Kf3 61. Ke1 Rxf2 62. d6 Ke3 63. Bd3 Rxa2 64. d7 Ra1+ 65. Bb1 Rxb1# 0-1

[Event "Kingston-A 2nd"]
[Site "Kingston Upon Thames"]
[Date "2023.07.27"]
[Round "7"]
[White "Lalic, Peter"]
[Black "Murphy, Conor"]
[Result "0-1"]
[WhiteElo "2103"]
[BlackElo "2452"]
[PlyCount "96"]
[EventDate "2023.07.24"]
[EventType "tourn"]
[EventRounds "9"]
[EventCountry "ENG"]
[EventCategory "1"]
[SourceTitle "CBM 215 Extra"]
[Source "ChessBase"]
[SourceDate "2023.09.30"]
[SourceVersion "1"]
[SourceVersionDate "2023.09.30"]
[SourceQuality "1"]

1. e4 e5 2. d4 exd4 3. c3 Qe7 4. cxd4 Qxe4+ 5. Be3 Bb4+ 6. Nc3 Nf6 7. Nf3 Nd5 8. Qd2 Qe7 9. Bd3 Nxe3 10. fxe3 d5 11. 0-0 Bxc3 12. bxc3 0-0 13. c4 c6 14. Qc2 Qxe3+ 15. Kh1 Qh6 16. cxd5 cxd5 17. Ne5 Nc6 18. Nxf7 Rxf7 19. Rxf7 Kxf7 20. Rf1+ Kg8 21. Bxh7+ Qxh7 22. Rf8+ Kxf8 23. Qxh7 Be6 24. h4 Nxd4 25. h5 Bg8 26. Qd3 Nc6 27. Qa3+ Ne7 28. h6 gxh6 29. Qd6 Ke8 30. Qxh6 Rd8 31. g4 d4 32. Qh5+ Kd7 33. Qb5+ Kc8 34. Qd3 Be6 35. g5 Bf5 36. Qc4+ Kb8 37. Qf7 Rd7 38. Qf8+ Kc7 39. Qf6 d3 40. Qe5+ Kc8 41. Qh8+ Rd8 42. Qc3+ Nc6 43. Qd2 Rd6 44. Qf4 Kc7 45. Qxf5 d2 46. Qf7+ Kb8 47. Qf8+ Rd8 48. Qf4+ Ka8 0-1

[Event "County-ch Final"]
[Site "Egham"]
[Date "2023.07.01"]
[Round "1.12"]
[White "Lalic, Peter"]
[Black "Badacsonyi, Stanley"]
[Result "1-0"]
[WhiteElo "2103"]
[BlackElo "1976"]
[PlyCount "113"]
[EventDate "2023.07.01"]
[EventType "team-match"]
[EventRounds "1"]
[EventCountry "ENG"]
[SourceTitle "CBM 215 Extra"]
[Source "ChessBase"]
[SourceDate "2023.09.30"]
[SourceVersion "1"]
[SourceVersionDate "2023.09.30"]
[SourceQuality "1"]
[WhiteTeam "Surrey"]
[BlackTeam "Middlesex"]
[WhiteTeamCountry "ENG"]
[BlackTeamCountry "ENG"]

1. Nc3 Nf6 2. e4 d5 3. e5 d4 4. exf6 dxc3 5. fxg7 cxd2+ 6. Qxd2 Qxd2+ 7. Bxd2 Bxg7 8. 0-0-0 0-0 9. Ne2 Nc6 10. Bc3 Bf5 11. Bxg7 Kxg7 12. Ng3 Be6 13. Bb5 Nb4 14. Nh5+ Kh8 15. Nf4 Bf5 16. c3 a6 17. Be2 Nc6 18. Bf3 Rad8 19. Nd5 Ne5 20. Nxe7 Nd3+ 21. Kb1 Be6 22. Bxb7 Rfe8 23. Bxa6 Nc5 24. Rxd8 Rxd8 25. Bb5 Rb8 26. a4 Bb3 27. Nc6 Rb6 28. Nb4 Bxa4 29. Bxa4 Nxa4 30. Kc2 c5 31. Ra1 Nxc3 32. bxc3 cxb4 33. Rb1 Rf6 34. cxb4 Rxf2+ 35. Kd3 Rxg2 36. b5 Rg8 37. Ke4 Rb8 38. b6 Kg7 39. Kf5 Rb7 40. Ke5 h5 41. Kf5 f6 42. Ke6 Kg6 43. Kd6 f5 44. Kc6 Rb8 45. Kc7 Rf8 46. b7 Rf7+ 47. Kc8 f4 48. Rb5 Rf8+ 49. Kc7 Rf7+ 50. Kd6 Rf8 51. b8Q Rxb8 52. Rxb8 Kf5 53. Kd5 Kg4 54. Ke4 h4 55. Rb2 Kh3 56. Ra2 Kg4 57. Ra3 1-0

[Event "London Mindsports IM-B"]
[Site "London"]
[Date "2023.02.18"]
[Round "7"]
[White "Vardan, Nagpal"]
[Black "Lalic, Peter"]
[Result "1-0"]
[WhiteElo "2331"]
[BlackElo "2195"]
[PlyCount "103"]
[EventDate "2023.02.15"]
[EventType "tourn"]
[EventRounds "9"]
[EventCountry "ENG"]
[EventCategory "1"]
[SourceTitle "CBM 212 Extra"]
[Source "ChessBase"]
[SourceDate "2023.03.31"]
[SourceVersion "1"]
[SourceVersionDate "2023.03.31"]
[SourceQuality "1"]

1. Nf3 Nc6 2. d4 d5 3. Bf4 Bf5 4. e3 e6 5. a3 Bd6 6. Bxd6 cxd6 7. c4 dxc4 8. Bxc4 Nge7 9. Nc3 d5 10. Be2 Bg4 11. 0-0 Bxf3 12. Bxf3 0-0 13. Rc1 Rc8 14. Na4 Nf5 15. Nc5 b6 16. Nb3 Nd6 17. Be2 Nb8 18. Bd3 Qd7 19. Nd2 Rxc1 20. Qxc1 Rc8 21. Qb1 f5 22. Rc1 Kf8 23. h3 Ke7 24. Rxc8 Qxc8 25. Qd1 Nd7 26. g4 Nf6 27. gxf5 exf5 28. Kg2 Nde4 29. Nf3 Qc7 30. Ne5 g6 31. Qa4 a5 32. Bxe4 Nxe4 33. Qb3 Ke6 34. Nd3 g5 35. Ne5 Nd6 36. Qd1 Nf7 37. Nxf7 Qxf7 38. Qb3 Qb7 39. Qb5 Kf7 40. Kf3 h5 41. Kg2 g4 42. h4 Kf6 43. b4 axb4 44. Qxb4 Qe7 45. Kg3 Kf7 46. Qxe7+ Kxe7 47. Kf4 Kd6 48. Kxf5 b5 49. Kf6 Kc6 50. Ke6 Kb6 51. Kxd5 Ka5 52. Kc5 1-0

[Event "Oxted op"]
[Site "Oxted"]
[Date "2022.11.12"]
[Round "3"]
[White "Lalic, Peter"]
[Black "Chan, Kim Yew"]
[Result "1/2-1/2"]
[WhiteElo "2197"]
[BlackElo "2312"]
[PlyCount "80"]
[EventDate "2022.11.12"]
[EventType "swiss"]
[EventRounds "5"]
[EventCountry "ENG"]
[SourceTitle "CBM 211 Extra"]
[Source "ChessBase"]
[SourceDate "2023.01.31"]
[SourceVersion "1"]
[SourceVersionDate "2023.01.31"]
[SourceQuality "1"]

1. Nc3 d5 2. e4 d4 3. Nce2 e5 4. Ng3 Be6 5. c3 c5 6. Qa4+ Nc6 7. Nf3 Bd6 8. Bc4 Qd7 9. Bxe6 Qxe6 10. Nf5 Bf8 11. cxd4 cxd4 12. 0-0 g6 13. Ng3 h5 14. Ng5 Qd7 15. f4 exf4 16. Rxf4 Nh6 17. e5 Be7 18. e6 fxe6 19. N3e4 Nf5 20. Qb3 Nd8 21. d3 0-0 22. Bd2 Qd5 23. Qd1 Nf7 24. Nh3 Ne5 25. Qe2 Ng4 26. Rxg4 hxg4 27. Qxg4 Ng7 28. Qxg6 Qh5 29. Qg3 Qh4 30. Qg6 Qh5 31. Qg3 Bh4 32. Qd6 Rad8 33. Qa3 Rf5 34. Nf4 Qe8 35. Nd6 Qf8 36. Nxf5 Qxf5 37. Rf1 Rf8 38. Rf3 Qb5 39. Ng6 Rxf3 40. gxf3 Qh5 1/2-1/2

[Event "Oxted op"]
[Site "Oxted"]
[Date "2022.11.12"]
[Round "2"]
[White "Rogers, Timothy"]
[Black "Lalic, Peter"]
[Result "0-1"]
[WhiteElo "2019"]
[BlackElo "2197"]
[PlyCount "39"]
[EventDate "2022.11.12"]
[EventType "swiss"]
[EventRounds "5"]
[EventCountry "ENG"]
[SourceTitle "CBM 211 Extra"]
[Source "ChessBase"]
[SourceDate "2023.01.31"]
[SourceVersion "1"]
[SourceVersionDate "2023.01.31"]
[SourceQuality "1"]

1. e4 Nc6 2. Nf3 d5 3. exd5 Qxd5 4. Nc3 Qd6 5. d4 Nf6 6. Be2 Bg4 7. h3 Bxf3 8. Bxf3 0-0-0 9. d5 Qe5+ 10. Be3 e6 11. 0-0 exd5 12. Nb5 d4 13. Bxc6 dxe3 14. Nxa7+ Kb8 15. Qxd8+ Kxa7 16. f4 Qc5 17. Bf3 e2+ 18. Kh1 exf1Q+ 19. Rxf1 Rg8 20. b4 0-1

[Event "London Central op"]
[Site "London"]
[Date "2022.11.06"]
[Round "4"]
[White "Lalic, Peter"]
[Black "Iyengar, Ilya"]
[Result "1/2-1/2"]
[WhiteElo "2197"]
[BlackElo "1979"]
[PlyCount "37"]
[EventDate "2022.11.04"]
[EventType "swiss"]
[EventRounds "5"]
[EventCountry "ENG"]
[SourceTitle "EXT 2024"]
[Source "ChessBase"]
[SourceDate "2023.10.10"]
[SourceVersion "1"]
[SourceVersionDate "2023.10.10"]
[SourceQuality "1"]

1. Nc3 d5 2. e4 d4 3. Nb1 e5 4. Bc4 Nf6 5. d3 Bd6 6. Ne2 c5 7. 0-0 0-0 8. f4 exf4 9. Nxf4 Qc7 10. h3 Nc6 11. Nh5 Nxh5 12. Qxh5 Ne5 13. Nd2 Be6 14. b3 Bxc4 15. Nxc4 Nxc4 16. bxc4 Rae8 17. Bd2 Re6 18. Rf3 Be5 19. Raf1 1/2-1/2

[Event "London Central op"]
[Site "London"]
[Date "2022.11.05"]
[Round "2"]
[White "Alldritt, Nigel RE"]
[Black "Lalic, Peter"]
[Result "1/2-1/2"]
[WhiteElo "2014"]
[BlackElo "2197"]
[PlyCount "42"]
[EventDate "2022.11.04"]
[EventType "swiss"]
[EventRounds "5"]
[EventCountry "ENG"]
[SourceTitle "EXT 2024"]
[Source "ChessBase"]
[SourceDate "2023.10.10"]
[SourceVersion "1"]
[SourceVersionDate "2023.10.10"]
[SourceQuality "1"]

1. d4 Nf6 2. c4 c5 3. d5 b5 4. cxb5 a6 5. bxa6 e6 6. Nc3 exd5 7. Nxd5 Be7 8. Nxe7 Qxe7 9. Bf4 d5 10. e3 0-0 11. Nf3 d4 12. Bc4 Bxa6 13. Qb3 Bb7 14. 0-0 Nc6 15. exd4 Na5 16. Qc2 Nxc4 17. Rfe1 Qd7 18. Qxc4 Bxf3 19. gxf3 cxd4 20. Rad1 Ra4 21. b4 Qb7 1/2-1/2

[Event "Kingston 1st"]
[Site "Kingston"]
[Date "2022.07.21"]
[Round "3"]
[White "Lalic, Peter"]
[Black "Seymour, Timothy P"]
[Result "1-0"]
[WhiteElo "2151"]
[BlackElo "2076"]
[PlyCount "57"]
[EventDate "2022.07.19"]
[EventType "tourn"]
[EventRounds "9"]
[EventCountry "ENG"]
[SourceTitle "EXT 2024"]
[Source "ChessBase"]
[SourceDate "2023.10.10"]
[SourceVersion "1"]
[SourceVersionDate "2023.10.10"]
[SourceQuality "1"]

1. h3 Nf6 2. Nf3 b6 3. d3 d5 4. c4 dxc4 5. e4 cxd3 6. e5 Nd5 7. Bxd3 e6 8. 0-0 Nb4 9. Be4 Qxd1 10. Rxd1 Nd5 11. Nc3 Bb7 12. Nxd5 exd5 13. Bxd5 Bxd5 14. Rxd5 Na6 15. Bg5 h6 16. Bh4 Be7 17. Rad1 g5 18. Bg3 Nb4 19. R5d2 c5 20. e6 fxe6 21. Re1 Bf6 22. a3 Na6 23. Rxe6+ Kf7 24. Rdd6 Bg7 25. Ne5+ Bxe5 26. Bxe5 Nc7 27. Rf6+ Ke7 28. Rc6 Rac8 29. Rg6 1-0

[Event "London Central op-A"]
[Site "London"]
[Date "2022.04.24"]
[Round "5"]
[White "Lalic, Peter"]
[Black "Finn, Peter"]
[Result "1-0"]
[WhiteElo "2163"]
[BlackElo "2029"]
[PlyCount "107"]
[EventDate "2022.04.22"]
[EventType "swiss"]
[EventRounds "5"]
[EventCountry "ENG"]
[SourceTitle "EXT 2024"]
[Source "ChessBase"]
[SourceDate "2023.10.10"]
[SourceVersion "1"]
[SourceVersionDate "2023.10.10"]
[SourceQuality "1"]

1. h3 e5 2. c4 c6 3. d4 exd4 4. Nf3 d5 5. Nxd4 dxc4 6. e3 c5 7. Nb5 Qa5+ 8. N1c3 a6 9. Nd6+ Bxd6 10. Qxd6 Be6 11. Bd2 Qd8 12. Qxc5 Nd7 13. Qd4 Qf6 14. Nd5 Qxd4 15. Nc7+ Ke7 16. exd4 Rc8 17. Bb4+ Kf6 18. Nxe6 Kxe6 19. d5+ Kf5 20. g4+ Kg6 21. f4 h6 22. Rc1 Ngf6 23. Bxc4 Nxd5 24. Bd2 N7b6 25. Bd3+ Kf6 26. Kf2 Rxc1 27. Bxc1 Rd8 28. Be4 Rd7 29. Re1 g6 30. Kf3 Kg7 31. Rd1 Rc7 32. Bd2 Rc5 33. Be1 Rb5 34. Bf2 a5 35. b3 Kf6 36. Rd3 Ke6 37. f5+ gxf5 38. gxf5+ Kf6 39. a4 Rb4 40. Bxd5 Nxd5 41. Rxd5 Rxb3+ 42. Be3 b6 43. Rd6+ Kg7 44. Ke4 Rb4+ 45. Bd4+ Kf8 46. Rxh6 Rxa4 47. Rxb6 Ra2 48. Rb8+ Ke7 49. Rb7+ Ke8 50. Bf6 a4 51. Re7+ Kf8 52. Ra7 Re2+ 53. Kf3 Re8 54. Rxa4 1-0

[Event "London Central op-A"]
[Site "London"]
[Date "2022.04.23"]
[Round "3"]
[White "Lalic, Peter"]
[Black "Brown, Geoffrey M"]
[Result "1-0"]
[WhiteElo "2163"]
[BlackElo "1906"]
[PlyCount "85"]
[EventDate "2022.04.22"]
[EventType "swiss"]
[EventRounds "5"]
[EventCountry "ENG"]
[SourceTitle "EXT 2024"]
[Source "ChessBase"]
[SourceDate "2023.10.10"]
[SourceVersion "1"]
[SourceVersionDate "2023.10.10"]
[SourceQuality "1"]

1. h3 b6 2. e4 Bb7 3. d3 e6 4. Nd2 c5 5. c3 Nc6 6. Be2 Rc8 7. Ngf3 Nge7 8. 0-0 Ng6 9. Re1 Be7 10. a3 0-0 11. d4 cxd4 12. cxd4 d5 13. e5 Nh4 14. b4 a6 15. Nxh4 Bxh4 16. Nf3 Be7 17. Bd3 h6 18. Bb1 f5 19. exf6 Rxf6 20. Qd3 Kf7 21. Bd2 Ke8 22. Nh2 Qd6 23. Ng4 Rf5 24. Qe3 Rf8 25. Qd3 Rf5 26. b5 axb5 27. Qxb5 Rf8 28. Qxb6 Rb8 29. Bg6+ Kd7 30. Rac1 Bd8 31. Qb5 Ke7 32. Qd3 Kd7 33. Qb5 Ke7 34. Qd3 Kd7 35. Rb1 Bf6 36. Rb6 Bxd4 37. Rxc6 Bxf2+ 38. Nxf2 Bxc6 39. Bb4 Rxb4 40. axb4 Qxb4 41. Qe3 Rf6 42. Ng4 Rxg6 43. Ne5+ 1-0

[Event "Hull 4NCL op"]
[Site "Hull"]
[Date "2021.10.23"]
[Round "3"]
[White "Lalic, Peter"]
[Black "Ther, Mate T"]
[Result "1/2-1/2"]
[WhiteElo "2268"]
[BlackElo "2062"]
[PlyCount "84"]
[EventDate "2021.10.22"]
[EventType "swiss"]
[EventRounds "5"]
[EventCountry "ENG"]
[SourceTitle "CBM 204 Extra"]
[Source "ChessBase"]
[SourceDate "2021.11.30"]
[SourceVersion "1"]
[SourceVersionDate "2021.11.30"]
[SourceQuality "1"]

1. Nf3 Nf6 2. d3 c5 3. Bg5 g6 4. Nc3 Bg7 5. h3 b5 6. e4 b4 7. Ne2 Nc6 8. Qd2 Bb7 9. Bh6 0-0 10. Ng3 d5 11. e5 Ne8 12. d4 cxd4 13. Bd3 f6 14. h4 Nxe5 15. Nxe5 fxe5 16. Bxg7 Nxg7 17. h5 e4 18. hxg6 hxg6 19. Be2 Qd6 20. Qxd4 a5 21. 0-0-0 Qf4+ 22. Qe3 Qxf2 23. Qxf2 Rxf2 24. Rh2 Bc6 25. Kd2 Rf6 26. c3 e5 27. Rdh1 Kf7 28. Rh8 bxc3+ 29. bxc3 Ra7 30. R1h7 Rb7 31. Nxe4 dxe4 32. Bc4+ Ke7 33. Rxg7+ Kd6 34. Rxb7 Bxb7 35. Ke3 Kc5 36. Be2 Bd5 37. Rb8 Rb6 38. Rc8+ Rc6 39. Ra8 Kd6 40. Rd8+ Kc5 41. Ra8 Kd6 42. Rd8+ Kc5 1/2-1/2

[Event "Leamington Spa 4NCL op 26th"]
[Site "Leamington Spa"]
[Date "2021.09.11"]
[Round "2"]
[White "Lalic, Peter"]
[Black "Wells, Peter K"]
[Result "1/2-1/2"]
[WhiteElo "2177"]
[BlackElo "2381"]
[PlyCount "41"]
[EventDate "2021.09.10"]
[EventType "swiss"]
[EventRounds "5"]
[EventCountry "ENG"]
[SourceTitle "CBM 204 Extra"]
[Source "ChessBase"]
[SourceDate "2021.11.30"]
[SourceVersion "1"]
[SourceVersionDate "2021.11.30"]
[SourceQuality "1"]

1. Nc3 c5 2. Nf3 Nc6 3. d3 g6 4. g3 Bg7 5. Bg2 e6 6. 0-0 Nge7 7. e4 d6 8. Bd2 0-0 9. Qc1 e5 10. Bh6 f5 11. Bxg7 Kxg7 12. exf5 Nxf5 13. Ne2 h6 14. c3 Be6 15. Qd2 g5 16. Ne1 d5 17. Nc2 Rc8 18. d4 cxd4 19. cxd4 e4 20. f3 exf3 21. Rxf3 1/2-1/2

[Event "BCF-chT3S 1314 (4NCL)"]
[Site "England"]
[Date "2013.11.17"]
[Round "2.67"]
[White "Lalic, Peter"]
[Black "Horton, Jamie A"]
[Result "1-0"]
[WhiteElo "2156"]
[BlackElo "2011"]
[PlyCount "129"]
[EventDate "2013.11.16"]
[EventType "team-swiss"]
[EventRounds "6"]
[EventCountry "ENG"]
[SourceTitle "CBM 157 Extra"]
[Source "ChessBase"]
[SourceDate "2013.12.19"]
[SourceVersion "1"]
[SourceVersionDate "2013.12.19"]
[SourceQuality "1"]
[WhiteTeam "Guildford III"]
[BlackTeam "3CS Oldham II"]
[WhiteTeamCountry "ENG"]
[BlackTeamCountry "ENG"]

1. d4 Nf6 2. Nf3 e6 3. Bg5 c5 4. e3 h6 5. Bh4 Be7 6. Bd3 b6 7. Qe2 Bb7 8. 0-0 0-0 9. Nbd2 d5 10. c3 Nbd7 11. Rad1 Qc7 12. Bg3 Bd6 13. Bxd6 Qxd6 14. e4 dxe4 15. Nxe4 Nxe4 16. Bxe4 Bxe4 17. Qxe4 Nf6 18. Qe5 Qxe5 19. Nxe5 cxd4 20. Rxd4 Rfd8 21. Rfd1 Rxd4 22. Rxd4 Rc8 23. Kf1 Kf8 24. Nd7+ Ke7 25. Nxf6 Kxf6 26. Rd7 a5 27. Rb7 Rc6 28. Ke2 Rd6 29. b4 axb4 30. cxb4 e5 31. a4 Ke6 32. a5 bxa5 33. bxa5 Rd4 34. a6 Ra4 35. a7 Ra3 36. Kd2 g5 37. Kc2 e4 38. Kb2 Ra4 39. Kb3 Ra1 40. Kb4 f5 41. Kc5 f4 42. Kb6 e3 43. fxe3 fxe3 44. Rb8 e2 45. Re8+ Kd7 46. Rxe2 Rb1+ 47. Kc5 Rc1+ 48. Kb6 Rb1+ 49. Ka6 Ra1+ 50. Kb7 Rb1+ 51. Ka8 Kc7 52. Re7+ Kc8 53. Re6 Kc7 54. Rxh6 Rd1 55. Rh8 Rd3 56. Rh7+ Kc6 57. Rb7 Re3 58. h3 Rd3 59. Rb4 Rd8+ 60. Rb8 Rd2 61. Rc8+ Kd7 62. Rc5 Rxg2 63. Kb7 Rb2+ 64. Ka6 Ra2+ 65. Ra5 1-0

[Event "Hampstead op U2200 05"]
[Site "Hampstead"]
[Date "2013.05.18"]
[Round "1"]
[White "Lalic, Peter"]
[Black "Kalerwa, Edwin M"]
[Result "1-0"]
[WhiteElo "2123"]
[BlackElo "1782"]
[PlyCount "67"]
[EventDate "2013.05.18"]
[EventType "swiss"]
[EventRounds "5"]
[EventCountry "ENG"]
[SourceTitle "EXT 2014"]
[Source "ChessBase"]
[SourceDate "2013.11.20"]
[SourceVersion "1"]
[SourceVersionDate "2013.11.20"]
[SourceQuality "1"]

1. e4 c6 2. d3 d5 3. Nd2 Nf6 4. e5 Ng8 5. f4 h5 6. Be2 g6 7. Ngf3 Nh6 8. d4 Nf5 9. Nf1 c5 10. Ne3 c4 11. b3 Qa5+ 12. Kf2 cxb3 13. Bd2 Qd8 14. axb3 Nc6 15. c4 e6 16. Nxf5 gxf5 17. c5 Be7 18. b4 Bd7 19. b5 Nb8 20. h4 Kf8 21. Be3 Qe8 22. Qb3 Rg8 23. Ng5 f6 24. exf6 Bxf6 25. Rh3 Bxg5 26. hxg5 Rh8 27. Rah1 a6 28. Bxh5 Qe7 29. bxa6 bxa6 30. Qb7 Bc6 31. Qc8+ Kg7 32. Qxh8+ Kxh8 33. Be8+ Kg7 34. Rh7+ 1-0

[Event "BCF-chT3 1213 (4NCL)"]
[Site "England"]
[Date "2013.05.05"]
[Round "10.108"]
[White "Truman, Richard G"]
[Black "Lalic, Peter"]
[Result "0-1"]
[WhiteElo "1916"]
[BlackElo "2130"]
[PlyCount "76"]
[EventDate "2012.11.03"]
[EventType "team-swiss"]
[EventRounds "11"]
[EventCountry "ENG"]
[SourceTitle "EXT 2014"]
[Source "ChessBase"]
[SourceDate "2013.11.20"]
[SourceVersion "1"]
[SourceVersionDate "2013.11.20"]
[SourceQuality "1"]
[WhiteTeam "e2e4.org.uk III"]
[BlackTeam "Guildford III"]
[WhiteTeamCountry "ENG"]
[BlackTeamCountry "ENG"]

1. d4 Nf6 2. c4 c5 3. d5 b5 4. Nf3 g6 5. cxb5 a6 6. b6 Bg7 7. Nc3 Qxb6 8. e4 d6 9. Be2 0-0 10. 0-0 Qc7 11. a4 Nbd7 12. Nd2 Rb8 13. a5 Ne8 14. Nc4 e5 15. Qc2 f5 16. f3 f4 17. Na4 Qd8 18. Bd2 Rf6 19. Nab6 Bb7 20. Qa4 Nf8 21. b4 cxb4 22. Nb2 g5 23. Nd3 Rh6 24. Nxb4 Nf6 25. Ra3 g4 26. Nxa6 Rxh2 27. fxg4 Bxa6 28. Bxa6 Nxg4 29. Rh3 Rxh3 30. gxh3 Ne3 31. Bxe3 fxe3 32. Qb3 Qg5+ 33. Kh2 Ng6 34. Be2 Bh6 35. Rg1 Qf4+ 36. Rg3 Qf2+ 37. Rg2 Bf4+ 38. Kh1 Qe1+ 0-1